| 000 | 00659nam a22002291 4500 | ||
|---|---|---|---|
| 001 | 134721 | ||
| 003 | ES-MaACL | ||
| 005 | 20230906194730.0 | ||
| 007 | t| | ||
| 008 | 070913s1971 sp ||||0| spa d | ||
| 016 | 7 | _zIND2000944898 | |
| 040 |
_aM-BN _bspa _cCDM |
||
| 080 | _a840-312.8"19" | ||
| 100 | 1 |
_aWiesel, Elie. _9116778 |
|
| 245 | 1 | 4 |
_aLas puertas del bosque / _cElie Wiesel ; traducción del francés por José Gil de Ramales. |
| 250 | _a1ª ed. | ||
| 260 |
_a[Madrid] : _bAguilar, _c[1971] |
||
| 300 |
_a281 p., 2 h ; _c20 cm. |
||
| 700 | 1 |
_aGil de Ramales, José. _956800 |
|
| 852 |
_aES-MaACL _jC-40125 _bR.79962 |
||
| 999 |
_c134721 _d134721 |
||